00972nam a22002537a 450000500170000001000130001702000260003003500130005603700160006904000120008508200130009724501160011026000330022627000620025930000230032150000420034465000690038665000280045570000300048370000280051394200220054199900190056395201360058220170124110039.0 aB-129088 c750.00a9788178240565 aB-129088 bCen Lib/Ret aDPLbEN a809bIND aIndia's literary history :cedited by Stuart Blackburn [and] Vasudha Dalmiabessays on the Nineteenth century / aDelhibPermanent Blackc2004 bDelhiaD-28 Oxford Apartments, 11, I.P. Extensione110092 axi,515p.c23cm(Hb) aIncludes bibliographical references  aIndic literature -- 19th century -- History and criticism916791 aIndic literature923263 aBlackburn, Stuart 923264 aDalmia, Vasudha 923265 2ddccENh809mIND c128396d128396 00104070aLbLd2015-07-02eCen Lib/Retg750.00l2o809 INDpB-129088r2017-11-25 00:00:00s2017-11-21t1v750.00w2015-07-02yEN